Nuevos instrumentos financieros en la estrategia empresarial (Registro nro. 22906)

Detalles MARC
000 -ENCABEZADO
Número de control [NR] 00953nam a2200277Ia 4500
008 - DE LONGITUD FIJA DE DATOS DE ELEMENTOS - INFORMACIÓN GENERAL
Elementos de longitud fija [NR] 130821s1992 sp gr spa
020 ## - NUMERO INTERNACIONAL NORMALIZADO PARA LIBROS [R]
Número Internacional Normalizado del libro [NR] 8473560752
040 ## - FUENTE DE CATALOGACION [NR]
Agencia de catalogación original [NR] Co-BoUCM
Idioma de catalogación [NR] spa
041 00 - CODIGO DE IDIOMA [R]
Código de idioma para texto/pista de sonido o título separado [R] Español
100 ## - ASIENTO PRINCIPAL--NOMBRE PERSONAL [NR]
Nombre personal [NR] Costa Ran, Luis
245 00 - MENCION DE TITULO [NR]
Título [NR] Nuevos instrumentos financieros en la estrategia empresarial
Mención de responsabilidad, etc. [NR] Luis Costa Ran ; Montserrat Font Vilalta.
250 ## - MENCION DE EDICION [NR]
Mención de edición [NR] 2a. ed. revisada y actualizada
260 ## - PUBLICACION, DISTRIBUCION, ETC. (PIE DE IMPRENTA) [R]
Lugar de publicación, distribución, etc. [R] Madrid (España)
Nombre del editor, distribuidor, etc. [R] ESIC Editorial
Fecha de publicación, distribución, etc. [R] 1992
300 ## - DESCRIPCION FISICA [R]
Extensión [R] 531 páginas
490 ## - MENCION DE SERIE [R]
Mención de serie [R] Colección Universidad
Designación numérica/secuencial del volumen [NR] 3
504 ## - NOTA DE BIBLIOGRAFIA, ETC. [R]
Nota de bibliografía, etc. [NR]
650 04 - ASIENTO SECUNDARIO DE MATERIA - TERMINO TEMATICO [R]
Término temático o nombre geográfico como elemento de entrada [NR] Administración de riesgos
9 (RLIN) 8574
650 04 - ASIENTO SECUNDARIO DE MATERIA - TERMINO TEMATICO [R]
Término temático o nombre geográfico como elemento de entrada [NR] Finanzas
9 (RLIN) 7628
650 04 - ASIENTO SECUNDARIO DE MATERIA - TERMINO TEMATICO [R]
Término temático o nombre geográfico como elemento de entrada [NR] Mercado de futuros
9 (RLIN) 19342
650 04 - ASIENTO SECUNDARIO DE MATERIA - TERMINO TEMATICO [R]
Término temático o nombre geográfico como elemento de entrada [NR] Mercado financiero
9 (RLIN) 19348
650 04 - ASIENTO SECUNDARIO DE MATERIA - TERMINO TEMATICO [R]
Término temático o nombre geográfico como elemento de entrada [NR] Riesgo (Economía)
650 04 - ASIENTO SECUNDARIO DE MATERIA - TERMINO TEMATICO [R]
Término temático o nombre geográfico como elemento de entrada [NR] Swaps
9 (RLIN) 24988
700 ## - ASIENTO SECUNDARIO - NOMBRE PERSONAL [R]
Nombre personal [NR] Font Vilalta, Montserrat
942 ## - ELEMENTOS DE ENTRADA AGREGADOS (KOHA)
Tipo de ítem principal el descrito en 300a Libro
Tema principal Economía
Edición 2
Parte restante de la signatura top. C67
Sistema de clasificación DEWEY
Clasificación 332.644
Existencias
Fecha de último préstamo Total préstamos Total Renewals Signatura topográfica Código de barras Última vez visto Volúmen / Fascículo Ejemplar Price effective from Tipo de ítem Nota pública (OPAC) Perdido Sistema de clasificación Dañado No prestable Tipo de ítem específico Suprimido Ubicación habitual Ubicación actual Localización Fecha de creación Forma de adquisición Costo
28/09/2016 20 1 332.644 C67 100044789 04/12/2025 2a. Ed. Ej.1 03/02/2013 Libro Spot Finanzas   DEWEY     Libro   Claustro Claustro Mezanine 28/02/2003 Compra 98000.00
01/02/2020 30 1 332.644 C67 100045961 04/12/2025 2a. Ed. Ej.3 03/02/2013 Libro Spot Finanzas   DEWEY     Libro   Claustro Claustro Mezanine 28/02/2003 Compra 110500.00
22/05/2012 14   332.644 C67 100044790 04/12/2025 2a. Ed. Ej.2 03/02/2013 Libro Spot Finanzas   DEWEY     Libro   Claustro Claustro Mezanine 28/02/2003 Compra 98000.00